Suomi-kysymyksiä - Statistics

Yleistilastot
  • Tätä visaa on pelattu 1 484 kertaa
  • Keskiarvotulos 7 / 10
Vastaustilastot
Kysymys Vastaus % Oikein
Mikä on Suomen pääkaupunki? Helsinki
100%
Mikä oli Suomen entinen pääkaupunki? Turku
100%
Entä kansalliseläin? Karhu
96%
Milloin Suomi itsenäistyi? 1917
95%
Minä vuonna Lordi voitti Eurovision? 2006
95%
Mikä on Suomen kansalliseepos? Kalevala
86%
Mikä on Suomen kansalliskukka? Kielo
81%
Mikä on Suomen kolmanneksi puhutuin kieli 2017? Arabia
49%
Kuka suomalainen voitti kemian Nobel-palkinnon? A.I.Virtanen
20%
Kuinka monta metriä korkea on Suomen korkein kohta? 1324
13%
Ehtoja vastaavia visoja ei löytynyt
Tulosjakauma
Jokaisen tuloksen saaneiden osuus
Persentiili vastausten määrän mukaan
Tuloshistoriasi
Et ole pelannut tätä visaa